000 01090nam a22001937a 4500
008 110818t xxu||||| |||| 00| 0 eng d
020 _a9780071285438
020 _a0071285431
050 _aHM1033.F85(5e)
100 _a Franzoi, Stephen L
245 _aSocial psychology /
_cStephen L Franzoi
250 _a5th ed
260 _aBoston:
_b McGraw-Hill,
_c 2009.
300 _axxii, 506 p. + various pagings
_b ill. (some col.)
_c29 cm
500 _aIncludes bibliographical references and index.
505 _aContents: Social psychology as a discipline -- Part 1. Perceiving people and events: The Self, Self presentation and social perception, Social cognition -- Part 2. Evaluating our social world: Attitudes, Persuasion, Prejudice and discrimination -- Part 3. Understanding our place within the group: Social influence, Group behaviour -- Part 4. Interacting with others: Interpersonal interaction, Intimate relationships, Aggression, Prosocial behaviour: helping others,The Personal relevance of social psychology.
650 _aSocial psychology.
942 _2ddc
_cBK
999 _c7232
_d14732